Pejuang yang dilupakan

Bibliographic Details
Main Author: Mohd Ariff Abu Bakar
Format: Book
Published: Kuala Lumpur : Sama Publications , 1990
Subjects:

MARC

LEADER 00000cam a2200000 7i4500
001 0000009810
002 000010681
005 20000330.0
020 |a 9679383393 
090 0 0 |a JF   |b MOH 
100 0 |a Mohd Ariff Abu Bakar 
245 1 0 |a Pejuang yang dilupakan   |c Mohd Ariff Abu Bakar 
260 |a Kuala Lumpur :   |b Sama Publications ,   |c 1990 
300 |a 40p. :   |b ill. ;   |c 18cm. 
650 0 0 |a Children's stories 
999 |a 017065   |b BUKU   |c PINJAMAN   |e PERPUSTAKAAN KOMUNITI PETALING JAYA